000 003260000a22001570004500
001 003720
003 MACL
040 _aMACL
090 _c15713
_d15712
100 _aRoy, M.N.
245 _aNew Humanism
_bA Manifesto
_cM.N. Roy
260 _aRenaissance,
_c1947
350 _a20
650 _aPhilosophy
942 _k144
_cBook
999 _c15614
_d15614